| 000 | 00854nam0a22002531 4500 | ||
|---|---|---|---|
| 001 | v19\rc\1640558 | ||
| 005 | 20260405170147.0 | ||
| 035 | _a(NLR Aleph) 005240473 | ||
| 090 |
_a5698918 _c5698918 |
||
| 100 | _a20061002d1861 |||y0rusy50 ca | ||
| 101 | 0 | _arus | |
| 102 | _aRU | ||
| 105 | _ay b ||||| | ||
| 200 | 1 |
_aОбозрение лингвистических категорий _fСост. М. Тулов |
|
| 210 |
_aКиев _cУнив. тип. _d1861 |
||
| 215 |
_a[2], V-VIII, 70, II с. _d22 |
||
| 700 | 1 |
_4220 _7ca _8rus _aТулов _bЛ. А. _f1814-1882 _gМихаил Андреевич _954885 _3RU\NLR\AUTH\7771957 |
|
| 801 | 2 |
_aRU _bNLR _c20081218 _2rusmarc |
|
| 801 | 0 |
_aRU _bNLR _c20061002 _gpsbo |
|
| 801 | 0 |
_aRU _bRuMoRGB _c20061002 _2psbo |
|
| 801 | 1 |
_aRU _bProSoft-M _c20061002 _2rusmarc |
|
| 852 |
_aNLR _j18.94.3.108 |
||
| 942 | _cBOOK | ||
| 980 | _aNB | ||